Eleanor & park / (Registro nro. 30468)

Detalles MARC
000 -LÍDER
campo de control de longitud fija 00746nam a22002177a 4500
005 - FECHA Y HORA DE LA ÚLTIMA
campo de control 20250612121921.0
008 - ELEMENTOS DE DATOS DE LONGITUD FIJA - INFORMACIÓN GENERAL
campo de control de longitud fija 231218b |||||||| |||| 00| 0 eng d
020 ## - NÚMERO INTERNACIONAL NORMALIZADO DEL LIBRO
Número de libro estándar internacional 9781250053992
037 ## - FUENTE DE ADQUISICIÓN
Materials specified Donación
040 ## - FUENTE DE CATALOGACIÓN
Agencia de catalogación original CO-JMCR
Agencia de transcripción CO-JMCR
Agencia modificadora CO-JMCR
Convenciones de descripción rda
082 ## - NÚMERO DE CLASIFICACIÓN DECIMAL DEWEY
Número de clasificación J-N
Número de artículo ROWe
100 ## - ENTRADA PRINCIPAL - NOMBRE PERSONAL
Nombre personal Rowell, Rainbow
Término relativo Autor
9 (RLIN) 520
245 ## - DECLARACIÓN DEL TÍTULO
Título Eleanor & park /
Declaración de responsabilidad, etc. Rainbow Rowel
260 ## - PUBLICACIÓN, DISTRIBUCIÓN, ETC.
Lugar de publicación, distribución, etc. United States
Nombre del editor, distribuidor, etc. Martin´s Press
Fecha de publicación, distribución, etc. 2013
300 ## - DESCRIPCIÓN FÍSICA
Medida 328 páginas
Dimensiones 21 cm
520 ## - RESUMEN, ETC.
Resumen, etc A love story between twooutsiders smart enough to know that first love is never forever, but brave enough to try.
650 ## - ENTRADA AÑADIDA DE ASUNTO - TÉRMINO TEMÁTICO
Fuente del encabezado o término JMCR
-- Love
Subdivisión general Fiction
9 (RLIN) 43054
650 ## - ENTRADA AÑADIDA DE ASUNTO - TÉRMINO TEMÁTICO
Fuente del encabezado o término JMCR
-- Dating
Subdivisión general Fiction
9 (RLIN) 43055
650 ## - ENTRADA AÑADIDA DE ASUNTO - TÉRMINO TEMÁTICO
Fuente del encabezado o término JMCR
-- Love story
9 (RLIN) 43056
942 ## - ELEMENTOS DE ENTRADA AÑADIDOS (KOHA)
Source of classification or shelving scheme Dewey Decimal Classification
Tipo de artículo Koha Books
999 ## -
-- 30468
-- 16852
Existencias
Estado retirado